Stock Market Appreciation 12 Years after the Crisis

Salvato in:
Dettagli Bibliografici
Autore principale: Rudášová, Zuzana
Altri autori: Kozel, Roman
Natura: Capitolo di libro
Lingua:inglese
Soggetti:
Tags: Aggiungi Tag
Nessun Tag, puoi essere il primo ad aggiungerne!!

MARC

LEADER 00000naa$a2200000$$$4500
001 0271038
005 20240502074245.3
041 0 |a eng 
044 |a SK 
245 1 0 |a Stock Market Appreciation 12 Years after the Crisis  |c Zuzana Rudášová, Roman Kozel 
610 2 0 |a trh akciový 
610 2 0 |a kríza 
610 2 0 |a burzy cenných papierov 
610 2 0 |a trh finančný 
100 1 |a Rudášová, Zuzana 
700 1 |a Kozel, Roman